000 01380cam a2200133 4500500
005 20260405020539.0
041 _afre
042 _adc
100 1 0 _aDuroselle, Jean-Baptiste
_eauthor
245 0 0 _aCahiers de l'été 1944
260 _bGallimard,
_c2025.
520 _a«J’ai besoin d’exprimer ma rage, un besoin violent, et inexorable.» C’est d’abord le cri d’un témoin en colère qui traverse ces cahiers rédigés à la fin de l’été 1944. Très vite, cependant, apparaît la capacité d’analyse du jeune historien de vingt-sept ans, assistant depuis l’Auvergne à la reconquête du territoire par les forces alliées: il entreprend de retracer, en même temps qu’un cheminement intérieur, ce qu’il appelle «l’histoire morale» de la France du début des années 1940, une histoire faite d’humiliation, de frustration et de honte, sentiments qui cèdent lentement le pas à une fierté renouvelée. Réquisitoire implacable et exercice d’introspection, ce texte inédit de Jean-Baptiste Duroselle (1917-1994), l’un des fondateurs de l’école française de l’histoire des relations internationales, constitue, huit décennies plus tard, un document précieux et sans concession pour comprendre Vichy et l’Occupation.
856 4 1 _uhttps://shs.cairn.info/cahiers-de-lete-1944--9782073121806?lang=fr&redirect-ssocas=7080
999 _c2123824
_d2123824